000 00522ntaaa2200181 4500
003 01
005 20251027201919.0
008 0714s1973 ag 01
040 _aAR-BaBN
_bspa
_cAR-BaBN
_eaacr
_dRIC
082 _a244.1100 P75p
245 _aEl pobre rey rico, y otros cuentos; 17 alegras narraciones de fé y fantasía para deleitar a niños y niñas.
250 _a1 ed.
260 _aMiami :
_bCaribe,
_c1975
300 _a96 p., ilus.
650 _aNiños-Cuentos
650 _aCuentos Para Niños
_94918
942 _cBK
999 _c13846
_d13846